| 000 | 00851 a2200205 4500 | ||
|---|---|---|---|
| 001 | 54408 | ||
| 005 | 20260407155817.0 | ||
| 008 | 260407a1964 arg spa d | ||
| 003 | AR-UNSa-BCEJYS | ||
| 040 |
_aAR-UNSa-BCEJYS _bspa _cAR-UNSa-BCEJYS |
||
| 080 |
_a326 _xEsclavitud |
||
| 245 | 1 | 0 | _aLa esclavitud en Hispanoamérica |
| 264 | 1 |
_aBuenos Aires : _bEUDEBA (Editorial Universitaria de Buenos Aires) _c1964 |
|
| 300 |
_a115 p. _c18 cm. |
||
| 505 | _aI. Aparecimiento y consolidación de la esclavitud negra en América - II. Formas y evolución de la trata negrera - III. Tráfico,rutas,mercados y precios - IV. Los negros en la estructura económica colonial - V. Esclavitud y sociedad - VI. Decadencia y abolición de la esclavitud | ||
| 041 | _aspa | ||
| 942 | _cBK | ||
| 590 | _aniveau_biblio:m niveau_hierar:0 | ||
| 100 | 1 | _aMellafe, Rolando | |
| 999 |
_c5565 _d5565 |
||